Introduction to management science / (Record no. 230)

MARC details
000 -LEADER
fixed length control field 00629nam a2200205 a 4500
001 - CONTROL NUMBER
control field 230
005 - DATE AND TIME OF LATEST TRANSACTION
control field 20221127085904.0
008 - FIXED-LENGTH DATA ELEMENTS--GENERAL INFORMATION
fixed length control field 050920s lxxua | 00100 eng d
020 ## - INTERNATIONAL STANDARD BOOK NUMBER
International Standard Book Number 013122932X :
Terms of availability SR220.00
035 ## - SYSTEM CONTROL NUMBER
System control number 243
082 04 - DEWEY DECIMAL CLASSIFICATION NUMBER
Classification number 658.4032
Item number T212 2004
100 1# - MAIN ENTRY--PERSONAL NAME
Personal name Taylor, Bernard W.
245 10 - TITLE STATEMENT
Title Introduction to management science /
Statement of responsibility, etc. Bernard W. Taylor.
250 ## - EDITION STATEMENT
Edition statement 8th ed.
260 ## - PUBLICATION, DISTRIBUTION, ETC.
Place of publication, distribution, etc. Upper Saddle River, NJ :
Name of publisher, distributor, etc. Pearson/Prentice Hall,
Date of publication, distribution, etc. 2004.
300 ## - PHYSICAL DESCRIPTION
Extent xviii, 761 p. :
Other physical details ill. ;
Dimensions 25 cm.
Accompanying material 2 CD.
504 ## - BIBLIOGRAPHY, ETC. NOTE
Bibliography, etc. note Includes bibl. references and index.
650 #4 - SUBJECT ADDED ENTRY--TOPICAL TERM
Topical term or geographic name entry element Management science.
650 #4 - SUBJECT ADDED ENTRY--TOPICAL TERM
Topical term or geographic name entry element Operations research.
Holdings
Withdrawn status Lost status Source of classification or shelving scheme Damaged status Not for loan Home library Current library Date acquired Total Checkouts Full call number Barcode Date last seen Copy number Price effective from Koha item type
          CENTRAL CENTRAL 11/27/2022   658.4032 T212 2004 1000000001633 11/27/2022 C1 11/27/2022 Book
          CENTRAL CENTRAL 11/27/2022   658.4032 T212 2004 1000000001634 11/27/2022 C2 11/27/2022 Book
          CENTRAL CENTRAL 11/27/2022   658.4032 T212 2004 1000000005003 11/27/2022 C3 11/27/2022 CD